Statistics for wings of fire- QIBLI

Click here to take the quiz!

General Stats

  • This quiz has been taken 94 times
  • The average score is 10 of 15

Answer Stats

HintAnswer% Correct
what tribe is Qibli from?sandwing
100%
who dose Qibli like?moon
98%
which queen is Qibli loyal to?thorn
98%
what winglet is Qibli from?jade winglet
84%
who is Qibli's best friend?winter
78%
what piece of jewelry dose Qibli wear?earring
73%
what group was Qibli a part of before Thorn became queen?outclaws
73%
what color are Qibli's scales?yellow
73%
who is Qibli's scary grandfather?vulture
70%
who is Qibli's mother?cobra
67%
who is Qibli's sister?rattlesnake
63%
what is Qibli's jewelry made of?amber
52%
who is Qibli's brother?sirocco
52%
What is Qibli's deepest desire?to be an animus
30%
what is the spell on Qibli's piece of jewelry?to protect him from Darkstalker's spells
14%

Score Distribution

Percentile by Number Answered

Percent of People with Each Score

Your Score History

You have not taken this quiz